General national vocational qualification(GNVQ): Core skills (Record no. 75836)

MARC details
000 -LEADER
fixed length control field 01189nam a2200229 a 4500
008 - FIXED-LENGTH DATA ELEMENTS--GENERAL INFORMATION
fixed length control field 120416s1993 ||||||||||||||||| || u
020 ## - INTERNATIONAL STANDARD BOOK NUMBER
International Standard Book Number 090767951X
050 ## - LIBRARY OF CONGRESS CALL NUMBER
Classification number LC 1043 Gen
100 ## - MAIN ENTRY--PERSONAL NAME
Personal name Waites, Nick
245 10 - TITLE STATEMENT
Title General national vocational qualification(GNVQ): Core skills
Statement of responsibility, etc. by Rod Ashley (and others)
260 ## - PUBLICATION, DISTRIBUTION, ETC.
Place of publication, distribution, etc. Sunderland:
Name of publisher, distributor, etc. Business Education Publishers
Date of publication, distribution, etc. 1993.
350 ## -
-- 0.00
700 ## - ADDED ENTRY--PERSONAL NAME
Personal name Morton Jim
700 ## - ADDED ENTRY--PERSONAL NAME
Personal name Hind, David
700 ## - ADDED ENTRY--PERSONAL NAME
Personal name Ellison, John
700 ## - ADDED ENTRY--PERSONAL NAME
Personal name Knott, Geoffrey
700 ## - ADDED ENTRY--PERSONAL NAME
Personal name Ashley, Rod
995 ## -
-- ANNEX COLLECTION (Main Library)
-- 0.00
-- 733260
-- CBU-MAIN LIBRARY (Kitwe)
-- 4
-- 28.00
-- LC 1043 Gen
-- 4
-- AVAILABLE
-- 45094
-- Annex Low-Usage Collection
995 ## -
-- MAIN LIBRARY OPEN ACCESS
-- 0.00
-- 733464
-- CBU-MAIN LIBRARY (Kitwe)
-- 5
-- 28.00
-- LC 1043 Gen
-- 5
-- AVAILABLE
-- 45160
-- Main Library Open Access Collection
995 ## -
-- ANNEX COLLECTION (Main Library)
-- 0.00
-- 733466
-- CBU-MAIN LIBRARY (Kitwe)
-- 1
-- 28.00
-- LC 1043 Gen
-- 1
-- AVAILABLE
-- 45106
-- Annex Low-Usage Collection
995 ## -
-- MAIN LIBRARY OPEN ACCESS
-- 0.00
-- 733465
-- CBU-MAIN LIBRARY (Kitwe)
-- 2
-- 28.00
-- LC 1043 Gen
-- 2
-- AVAILABLE
-- Apr 27, 2006
-- 45159
-- Main Library Open Access Collection
999 ## -
-- 75836
-- 75836
Holdings
Withdrawn status Lost status Source of classification or shelving scheme Damaged status Not for loan Permanent Location Current Location Shelving location Date acquired Total Checkouts Full call number Barcode Date last seen Copy number Price effective from Koha item type
          CBU-MAIN LIBRARY, KITWE. CBU-MAIN LIBRARY, KITWE.   04/25/2023   LC 1043 Gen 45094 04/25/2023 1 04/25/2023 MONOGRAPH
          CBU-MAIN LIBRARY, KITWE. CBU-MAIN LIBRARY, KITWE.   04/25/2023   LC 1043 Gen 45160 04/25/2023 3 04/25/2023 MONOGRAPH
          CBU-MAIN LIBRARY, KITWE. CBU-MAIN LIBRARY, KITWE.   04/25/2023   LC 1043 Gen 45106 04/25/2023 5 04/25/2023 MONOGRAPH
          CBU-MAIN LIBRARY, KITWE. CBU-MAIN LIBRARY, KITWE.   04/25/2023   LC 1043 Gen 45159 04/25/2023 6 04/25/2023 MONOGRAPH